Built Environment Carbon Database (Record no. 121729)

MARC details
000 -LEADER
fixed length control field 01010nam a22002057a 4500
008 - FIXED-LENGTH DATA ELEMENTS--GENERAL INFORMATION
fixed length control field 231207c2023 xxk|||||o|||| 00| 0 eng d
041 ## - LANGUAGE CODE
Language code of text/sound track or separate title eng
110 ## - MAIN ENTRY--CORPORATE NAME
Corporate author Royal Institution of Chartered Surveyors
245 ## - TITLE STATEMENT
Title Built Environment Carbon Database
Medium [Electronic resource]
260 ## - PUBLICATION INFORMATION
Publisher RICS & BCIS
520 ## - ABSTRACT
Abstract BECD is a free-to-use repository of whole-life carbon assessments of built assets and product LCA data. BECD is not an assessment tool, but a reporting platform and catalogue of existing projects and products. BECD is not a calculator. It is a repository for data to be uploaded and downloaded. Please create an account to use BECD.
650 ## - KEYWORDS
Keywords NET ZERO
650 ## - KEYWORDS
Keywords CARBON
650 ## - KEYWORDS
Keywords WHOLE LIFE CARBON
651 ## - SUBJECT ADDED ENTRY--GEOGRAPHIC NAME
Geographic name International
710 ## - ADDED CORPORATE NAME
Added corporate author Royal Institution of Chartered Surveyors
856 ## - ONLINE RESOURCE
Uniform Resource Identifier <a href="https://carbon.becd.co.uk/">https://carbon.becd.co.uk/</a>
Public note Register for the BECD
856 ## - ONLINE RESOURCE
Uniform Resource Identifier <a href="https://becd-cms.uksouth.cloudapp.azure.com/uploads/BECD_v1_User_Guide_0e5f48f9b8.pdf">https://becd-cms.uksouth.cloudapp.azure.com/uploads/BECD_v1_User_Guide_0e5f48f9b8.pdf</a>
Public note BECD user guide
942 ## - ADDED ENTRY ELEMENTS (KOHA)
Suppress in OPAC Do not suppress in OPAC
Holdings
Lost status Damaged status Not for loan Current library Shelving location Date acquired Total Checkouts Date last seen Price effective from Koha item type
      Virtual Online 07/12/2023   07/12/2023 07/12/2023 Online material